Представление документа в формате RUSMARC

ПолеНазваниеЗначение
  Тип записи a
  Библиографический уровень c
001 Контрольный номер RU/SLIB/B/208782042
005 Дата корректировки 20241203145639.3
010 Индекс ISBN __
d Цена 2-92
101 Язык документа 0_
a Язык текста rus
200 Заглавие и сведения об ответственности 1_
a Заглавие Избранные произведения
f Первые сведения об ответственности В. А. Каверин ; вступ. ст. В. Борисовой
b Общее обозначение материала Текст
h Номер части Т. 1
i Наименование части Скандалист, или Вечера на Васильевском острове ; Художник неизвестен ; Перед зеркалом...
210 Выходные данные 1_
a Место издания М.
c Издательство Худож. лит.
d Дата издания 1977
215 Физическое описание __
a Объем 624 с.
c Иллюстрации/тип воспроизводства 11 л. ил.
327 Примечание о содержании 0_
a Примечание о содержании Художник неизвестен
606 Тематические рубрики __
a Основная рубрика Художественная литература
z Хронологическая подрубрика 20 в.
y Географическая подрубрика Россия
606 Тематические рубрики __
a Основная рубрика Русская литература XX в. (произведения)
610 Ключевые слова 0_
a Ключевые слова писатели; прозаики; проза; романы; повести; сказки; советская литература
686 Индексы других классификаций __
a Классификационный индекс 84(2Рос=Рус)6-4
700 Автор _1
a Фамилия Каверин
b Имя В. А.
4 Код отношения 070
701 Альтернативная интеллектуальная ответственность _1
a Фамилия Борисова
b Имя В.
801 Источник записи _0
a Страна RU
b Организация Муниципальное бюджетное учреждение культуры "Централизованная библиотечная система" г. Сургут (Центральная городская библиотека им. А. С. Пушкина)
g Правила каталогизации КиК/Лебедева
801 Источник записи _1
a Страна RU
b Организация Муниципальное бюджетное учреждение культуры "Централизованная библиотечная система" г. Сургут (Центральная городская библиотека им. А. С. Пушкина)
g Правила каталогизации КиК/Лебедева
852 Данные о местонахождении __
j Шифр хранения 84(2Рос=Рус)6-4
i Авторский знак К 12
p Инвентарный номер 65391(с); 74864(с); 31253
901 Тип документа __
t Тип документа x
969 Тип издания __
a Тип издания сборник
990 Данные о заказе (DOS) __
j Количество экземпляров (DOS) 3
t N записи в КСУ для И/У (DOS) 199101